000 00464nam a22001937a 4500
003 MPLRDC
005 20220104113803.0
008 210129b ||||| |||| 00| 0 eng d
020 _a957-33-0550-X
082 _a848.4 ZAL-2 v.12
100 _a张爱玲著
245 _a惘然集
_c
250 _a初版一刷
260 _a
_b皇冠出版社
_c1991
300 _b
490 _a张爱玲全集;12
650 _a现代别集
942 _cBK
_o848.4 ZAL-2 v.12
999 _c2354
_d2344